| 000 | 01090nam a2200241Ia 4500 | ||
|---|---|---|---|
| 001 | 16379 | ||
| 003 | GE_BSU | ||
| 008 | 181216s||||||||xx |||||||||||||| ||und|| | ||
| 020 | _aISBN: 978-9941-15 -979-4(პუბლიუს ვერგილიუს მარო) | ||
| 040 | _cGE_BSU | ||
| 080 | _a821.124-11 | ||
| 100 | _aვერგილიუს მარო,პუბლიუს | ||
| 245 | _aენეიდა | ||
| 245 | _cმთარგმნ.რომან მიმინოშვილი;რედ.:დიანა ყაისუმაშვილი;დიზაინერი:ია მახათაძე | ||
| 260 | _aთბილისი | ||
| 260 | _bბაკურ სულაკაურის გამ-ბა | ||
| 260 | _c2013 | ||
| 300 | _a347გვ. 22სმ. | ||
| 300 | _eყდაზე:პიერ-ნარცის გუერინის "დიდო და ენეასი",1815,ლუვრი.-შენიშვნები:გვ.327-344. | ||
| 541 | _h12ლ. | ||
| 653 | _aლიტერატურა | ||
| 942 | _cBK | ||
| 999 |
_c49456 _d49456 |
||